000
00241nam a2200085Ia 4500
008
170516s9999 xx 000 0 und d
260
_b
Acta Radiologica Open
650
_x
RADIOLOGIC TECHNOLOGY
856
_u
http://arr.sagepub.com/content/current
999
_c
333077
_d
333077